Country report Non-discrimination: Croatia 2020 /

Bibliographic Details
Main Author: Bojić, Ines
Format: eBook
Language:English
Published: Bruselas: European Union Publications Office, 2020
Subjects:
Online Access:Acceso restringido

MARC

LEADER 00000nam a22000007a 4500
005 20210826113918.0
007 cr|||| ||||
008 210826s2020 eu |||||s|||| 00||0 eng d
020 |a 978-92-76-19737-9 
035 |a 34333 
040 |a vLex 
090 |c 12134  |d 12134 
100 1 |a Bojić, Ines 
245 1 0 |a Country report  |h [Recurso electrn̤ico] :  |b Non-discrimination: Croatia 2020 /  |c Ines Bojić 
256 |a Servicio en ln̕ea 
260 |a Bruselas:  |b European Union Publications Office,  |c 2020 
300 |a 1 recurso electrn̤ico 
506 1 |a Disponible solo en los productos indicados  |d vLex Global  |d vLex Global (Academic Edition, excluding Law Schools)  |d vLex Global (U.S. Academic Edition, Law Schools)  |d vLex Global (U.S. Academic Edition, excluding Law Schools)  |d vLex Global (Academic Edition, Law Schools) 
650 0 4 |a Derecho Constitucional  |z Unin̤ Europea 
740 0 |a vLex Libros (Servicio en ln̕ea) 
856 4 0 |u https://app.vlex.com/#/sources/34333  |z Acceso restringido 
942 |c BOOK 
999 0 |a Constitutional right